[Event "3rd Al Ain Chess Rapid"]
[Site "Al-Ain UAE"]
[Date "2014.12.18"]
[Round "2.27"]
[White "Fawwaz, Mohammed"]
[Black "Bunyatov, Rustam"]
[Result "0-1"]
[BlackTitle "CM"]
[WhiteElo "1298"]
[BlackElo "2077"]
[WhiteFideId "35064193"]
[BlackFideId "13410210"]
[EventDate "2014.12.18"]

1. e4 c5 2. Nf3 e6 3. d4 cxd4 4. Nxd4 a6 5. Nc3 b5 6. a3 Bb7 7. Bd3 Bc5 8. Be3
Qb6 9. Nb3 Bxe3 10. fxe3 Qxe3+ 11. Qe2 Qxe2+ 12. Nxe2 Nc6 13. Nc5 Bc8 14. O-O-O
Nge7 15. Rhe1 d6 16. Nb3 O-O 17. c4 bxc4 18. Bxc4 Ne5 19. Bd3 Bb7 20. Ned4 N7c6
21. Nf3 Rac8 22. Kb1 Nxf3 23. gxf3 Ne5 24. Be2 d5 25. f4 Ng6 26. f5 Nf4 27. fxe6
fxe6 28. Bf3 Rfe8 29. Rd4 e5 30. Rb4 dxe4 31. Bxe4 Bxe4+ 32. Rbxe4 Ng6 33. Nd2
Rf8 34. Nc4 Rf2 35. Nxe5 Nxe5 36. Rxe5 Rxh2 37. Re8+ Rxe8 38. Rxe8+ Kf7 39. Ra8
Rh6 40. Ra7+ Kf8 41. Ra8+ Ke7 42. Ra7+ Kd8 43. Rxg7 Kc8 44. b4 Kb8 45. Kb2 Rh3
46. Rf7 h5 47. Rf8+ Kc7 48. Rf7+ Kb6 49. Rf6+ Kb5 50. Rf5+ Kc4 51. Rf4+ Kd5 52.
Rf5+ Kc4 53. Rf4+ Kd3 54. Kb3 Rh1 55. Ka4 Ke3 56. Rc4 h4 57. Ka5 h3 58. Rh4 Kf3
59. Kxa6 Kg3 60. Rh8 Ra1 61. b5 Rxa3+ 62. Kb6 0-1

[Event "3rd Al Ain Chess Rapid"]
[Site "Al-Ain UAE"]
[Date "2014.12.18"]
[Round "3.1"]
[White "Moskalenko, Viktor1"]
[Black "Mamedov, Rauf"]
[Result "0-1"]
[WhiteTitle "GM"]
[BlackTitle "GM"]
[WhiteElo "2528"]
[BlackElo "2658"]
[WhiteFideId "14100100"]
[BlackFideId "13401653"]
[EventDate "2014.12.18"]

1. d4 d6 2. e4 g6 3. Be3 Bg7 4. Qd2 Nd7 5. c4 e5 6. Nc3 exd4 7. Bxd4 Ngf6 8. Bd3
O-O 9. Nge2 Ne5 10. O-O Be6 11. b3 c5 12. Bxe5 dxe5 13. Nd5 Nd7 14. a3 Kh8 15.
b4 f5 16. f3 Rc8 17. Nec3 Nb6 18. Qe2 Qd6 19. Rab1 Bxd5 20. Nxd5 Nxd5 21. cxd5
cxb4 22. axb4 Rc3 23. Kh1 Bh6 24. Rfd1 a6 25. Qb2 Rc7 26. b5 a5 27. b6 Rc5 28.
Re1 fxe4 29. Bxe4 Rfc8 30. Ra1 Ra8 31. g3 Ra6 32. Reb1 a4 33. Qa3 Bf8 34. Qb2
Bh6 35. Qa3 Bf8 36. Qb2 Be7 37. h4 Bd8 38. Qd2 a3 39. Rb3 Rc4 40. Kg2 Bxb6 41.
h5 gxh5 42. Qg5 Bd8 43. Qxh5 Rc7 44. Raxa3 Rxa3 45. Rxa3 Qxa3 46. Qe8+ Kg7 47.
Qxd8 Qe7 48. Qb8 Rc1 49. d6 Qf7 50. d7 Qa2+ 51. Kh3 Rh1+ 52. Kg4 Qe6+ 0-1

[Event "3rd Al Ain Chess Rapid"]
[Site "Al-Ain UAE"]
[Date "2014.12.18"]
[Round "3.2"]
[White "Pashikian, Arman"]
[Black "Salem, A.R. Saleh"]
[Result "0-1"]
[WhiteTitle "GM"]
[BlackTitle "GM"]
[WhiteElo "2617"]
[BlackElo "2586"]
[WhiteFideId "13301578"]
[BlackFideId "9301348"]
[EventDate "2014.12.18"]

1. d4 Nf6 2. Nf3 g6 3. c4 Bg7 4. Nc3 d5 5. Bg5 dxc4 6. e4 c5 7. d5 b5 8. e5 b4
9. exf6 exf6 10. Qe2+ Kf8 11. Bd2 bxc3 12. Bxc3 Ba6 13. O-O-O Nd7 14. d6 Bh6+
15. Kc2 Kg7 16. Qe4 Re8 17. Qh4 Bb7 18. Bxc4 Re4 19. Qh3 Rxc4 20. Nd2 Bxd2 21.
Rxd2 Be4+ 22. Kd1 Rb8 23. Re1 Bf5 24. Qg3 Rg4 25. Qf3 Ra4 26. h3 Rxa2 27. Re7
Ne5 28. Bxe5 fxe5 29. Qd5 Ra1+ 30. Ke2 Kh6 31. g4 Qa5 32. gxf5 Rxb2 33. d7 Qa6+
34. Kf3 Qf1 35. d8=Q Qxh3+ 36. Ke2 Qf1+ 37. Kf3 Ra3+ 38. Qd3 Rxd3+ 39. Qxd3 Rb3
40. Qxb3 Qh3+ 41. Ke2 Qxb3 42. Rxe5 c4 43. fxg6 hxg6 44. Re3 c3 45. Rd1 Qc4+ 46.
Ke1 a5 47. Rc1 c2 48. Kd2 Qf4 49. Ke2 Qf5 50. Rd3 a4 51. Rxc2 a3 52. Rdd2 Qe4+
53. Kf1 Kg5 54. Ra2 Qb4 55. Kg2 Qg4+ 56. Kh2 Qf3 57. Kg1 Kg4 58. Re2 Qb3 59.
Rad2 f5 60. Kg2 f4 61. Kg1 g5 62. Rc2 Kh3 63. f3 Qb1+ 64. Kf2 Kh2 65. Red2 Qg1+
66. Ke2 Kg3 67. Ra2 Qe3+ 68. Kd1 Kxf3 69. Kc2 Ke4 70. Kd1 f3 0-1

[Event "3rd Al Ain Chess Rapid"]
[Site "Al-Ain UAE"]
[Date "2014.12.18"]
[Round "3.3"]
[White "Miroshnichenko, Evgenij"]
[Black "Kovchan, Alexander"]
[Result "1/2-1/2"]
[WhiteTitle "GM"]
[BlackTitle "GM"]
[WhiteElo "2618"]
[BlackElo "2569"]
[WhiteFideId "14102595"]
[BlackFideId "14103052"]
[EventDate "2014.12.18"]

1. e4 d5 2. exd5 Qxd5 3. Nf3 Bg4 4. Be2 Nc6 5. O-O O-O-O 6. h3 h5 7. Nc3 Qd6 8.
Ne4 Qd5 9. d3 Bxf3 10. Bxf3 Nd4 11. Be3 Nxf3+ 12. Qxf3 Nh6 13. c4 Qf5 14. Qe2
Kb8 15. Ng3 Qg6 16. Qxh5 Qxh5 17. Nxh5 Nf5 18. Ng3 Nxe3 19. fxe3 Rxd3 20. Rxf7
e6 21. Raf1 Bc5 22. Ne4 Bxe3+ 23. Kh1 b6 24. R7f3 Rhd8 25. Re1 Bh6 26. Rxd3 Rxd3
27. b3 a5 28. g3 a4 29. bxa4 Ra3 30. Re2 Rxa4 31. c5 b5 32. Nc3 Ra3 33. Nxb5
Rxg3 34. Rxe6 Rxh3+ 35. Kg2 Rh5 36. Rc6 Be3 37. Rxc7 Rxc5 38. Rxc5 1/2-1/2

[Event "3rd Al Ain Chess Rapid"]
[Site "Al-Ain UAE"]
[Date "2014.12.18"]
[Round "3.4"]
[White "Kravtsiv, Martyn"]
[Black "Shyam, Sundar M."]
[Result "1/2-1/2"]
[WhiteTitle "GM"]
[BlackTitle "GM"]
[WhiteElo "2576"]
[BlackElo "2484"]
[WhiteFideId "14113147"]
[BlackFideId "5019141"]
[EventDate "2014.12.18"]

1. e4 d5 2. exd5 Qxd5 3. Nc3 Qd8 4. d4 Nf6 5. Nf3 a6 6. g3 b5 7. Bg2 Bb7 8. O-O
e6 9. Ne5 Bxg2 10. Kxg2 Nbd7 11. Nc6 Qc8 12. d5 Qb7 13. Qf3 a5 14. dxe6 fxe6 15.
Re1 Nc5 16. a4 b4 17. Nb5 Ra6 18. Nbd4 Be7 19. Kg1 Rf8 20. Bf4 g6 21. Rad1 Nh5
22. Nxe6 Qxc6 23. Qxc6+ Rxc6 24. Nxf8 Kxf8 25. Be3 Ne6 26. Re2 Kf7 27. Rd5 Nc5
28. Bxc5 Bxc5 29. Rd7+ Kf6 30. Rxh7 Bd4 31. b3 Ng7 32. Rh8 Kf7 33. Ra8 Rc5 34.
Rd8 Be5 35. Rd7+ Kf6 36. Rd3 g5 37. Kg2 Nf5 38. Red2 Bc3 39. Rd1 Be5 40. R1d2
Bc3 41. Rd5 Rc6 42. R2d3 Be5 43. Rd2 Ra6 44. Rc5 Bd6 45. Rc4 Ne7 46. Rd3 Nc6 47.
Rd5 Ne5 48. Re4 Ke6 49. Rb5 Kf6 50. h4 gxh4 51. Rxh4 Rc6 52. Rh6+ Kg7 53. Re6
Rxc2 54. Rexe5 Bxe5 55. Rxe5 c5 56. g4 Kf6 57. Rf5+ Ke6 58. Kg3 Rc3+ 59. f3 Kd6
60. g5 Rxb3 61. g6 Rb1 62. Kg2 Rb2+ 63. Kh3 Rb1 64. Kg2 Rb2+ 65. Kg3 Rb1 66. Kh2
Rb2+ 67. Kh3 Rb1 68. Kg2 Rb2+ 1/2-1/2

[Event "3rd Al Ain Chess Rapid"]
[Site "Al-Ain UAE"]
[Date "2014.12.18"]
[Round "3.6"]
[White "Mchedlishvili, Mikheil"]
[Black "Firouzja, Alireza"]
[Result "1-0"]
[WhiteTitle "GM"]
[WhiteElo "2625"]
[BlackElo "2332"]
[WhiteFideId "13600966"]
[BlackFideId "12573981"]
[EventDate "2014.12.18"]

1. e4 e5 2. Nf3 Nc6 3. Bb5 Nf6 4. d3 Bc5 5. c3 O-O 6. O-O Re8 7. Bg5 h6 8. Bh4
a6 9. Ba4 b5 10. Bb3 Be7 11. a4 Rb8 12. axb5 axb5 13. Nbd2 d6 14. Bg3 Bg4 15. h3
Bh5 16. Bh2 Qd7 17. Re1 Ra8 18. Qe2 b4 19. g4 Bg6 20. Nh4 Bh7 21. Nf5 Bf8 22.
Nf3 bxc3 23. bxc3 g6 24. Ne3 g5 25. Bg3 Reb8 26. Nd2 Nd8 27. Nd5 Nxd5 28. exd5
Rxa1 29. Rxa1 f5 30. f3 Nf7 31. Ra7 Bg7 32. Kh2 e4 33. dxe4 f4 34. Bf2 Bxc3 35.
Ba4 Qd8 36. Nc4 Ne5 37. Nxe5 Bxe5 38. Qc4 Rc8 39. Bb5 Bg6 40. Ba6 Ra8 41. Rxc7
Be8 42. Bb7 Ra4 43. Qc2 Ra2 44. Qxa2 Qxc7 45. Bc6 Kf7 46. Qa8 Bd7 47. Kg2 Bc8
48. h4 gxh4 49. Bxh4 Bd4 50. Be1 h5 51. Ba5 Qe7 52. Qxc8 Qh4 53. Qd7+ Kg6 54.
Qxd6+ Bf6 55. Qxf4 Kg7 56. Bd2 Kg8 57. g5 1-0

[Event "3rd Al Ain Chess Rapid"]
[Site "Al-Ain UAE"]
[Date "2014.12.18"]
[Round "3.8"]
[White "Sagar, Shah"]
[Black "Petrosian, Tigran L."]
[Result "1/2-1/2"]
[BlackTitle "GM"]
[WhiteElo "2468"]
[BlackElo "2651"]
[WhiteFideId "5022509"]
[BlackFideId "13301616"]
[EventDate "2014.12.18"]

1. d4 d6 2. c4 e5 3. d5 Be7 4. Nc3 Bg5 5. e3 f5 6. f4 Bf6 7. Nf3 exf4 8. exf4
Bxc3+ 9. bxc3 Nf6 10. Bd3 O-O 11. O-O Na6 12. Nd4 Nc5 13. Bxf5 Bxf5 14. Nxf5
Nfe4 15. Nd4 Qf6 16. Qc2 Rae8 17. f5 Rf7 18. Bf4 g6 19. fxg6 Qxg6 20. Rf3 Rg7
21. Raf1 Rf8 22. Bc1 Rxf3 23. Rxf3 Rf7 24. Rxf7 Kxf7 25. Ba3 Qg5 26. Qe2 a6 27.
Bxc5 Qc1+ 28. Qf1+ Qxf1+ 29. Kxf1 dxc5 30. Ne6 Ke7 31. Nxc7 Nxc3 32. Ne6 b6 33.
Nc7 a5 34. Na8 Nxa2 35. Nxb6 Nc3 36. Ke1 a4 37. Kd2 Ne4+ 38. Kc2 a3 39. Kb3 Nd2+
40. Kxa3 Nf1 41. Ka4 Kd6 42. Kb5 Ne3 43. Na4 Nxg2 44. Nxc5 Ne3 45. Ne4+ Ke5 46.
Nc3 Kd4 47. d6 Nxc4 48. d7 Nd6+ 49. Kc6 Nf7 50. Nd5 Ne5+ 51. Kd6 Nxd7 52. Kxd7
Kxd5 53. h4 h5 54. Kc7 Ke5 55. Kc6 Kf5 56. Kd5 Kg4 57. Ke4 Kxh4 58. Kf3 Kh3 59.
Kf2 Kh2 60. Kf1 h4 61. Kf2 h3 62. Kf1 Kh1 63. Kf2 h2 64. Kf1 1/2-1/2

[Event "3rd Al Ain Chess Rapid"]
[Site "Al-Ain UAE"]
[Date "2014.12.18"]
[Round "3.9"]
[White "Iordachescu, Viorel"]
[Black "Pourramezanali, Amirreza"]
[Result "1-0"]
[WhiteTitle "GM"]
[BlackTitle "IM"]
[WhiteElo "2611"]
[BlackElo "2427"]
[WhiteFideId "13900200"]
[BlackFideId "12511412"]
[EventDate "2014.12.18"]

1. c4 e6 2. Nc3 d5 3. d4 c6 4. cxd5 exd5 5. Qc2 g6 6. Bf4 Nf6 7. e3 Bf5 8. Qd2
Nbd7 9. h3 Bb4 10. f3 O-O 11. a3 Be7 12. g4 Be6 13. Bd3 c5 14. Nge2 Re8 15. Kf2
Bf8 16. Rad1 Bg7 17. Kg2 Rc8 18. Nb5 c4 19. Bb1 Rc6 20. Nxa7 Rb6 21. Nc3 Rb3 22.
Nab5 Qb6 23. a4 Bf8 24. Ba2 Rb4 25. Ra1 Ra8 26. Bb1 Rb3 27. Ra2 Bb4 28. Bc2 Bxc3
29. Nxc3 Rb4 30. Bb1 Qa5 31. Qf2 Ne8 32. h4 f6 33. g5 Ng7 34. Bd6 Rb3 35. Bc2
Qb6 36. Ba3 Nf5 37. Bxb3 Qxb3 38. Raa1 Qc2 39. Rae1 Qd3 40. Re2 Ng7 41. e4 Nh5
42. Rd2 dxe4 43. Rxd3 exd3 44. Re1 Nf4+ 45. Kg3 Nh5+ 46. Kh2 Bf7 47. Re7 Nf8 48.
d5 Rd8 49. Rxb7 fxg5 50. hxg5 Nf4 51. Qa7 1-0

[Event "3rd Al Ain Chess Rapid"]
[Site "Al-Ain UAE"]
[Date "2014.12.18"]
[Round "3.10"]
[White "Lazarev, Vladimir"]
[Black "Oleksienko, Mikhailo"]
[Result "1/2-1/2"]
[WhiteTitle "GM"]
[BlackTitle "GM"]
[WhiteElo "2387"]
[BlackElo "2621"]
[WhiteFideId "4113250"]
[BlackFideId "4152417"]
[EventDate "2014.12.18"]

1. d4 Nf6 2. c4 c5 3. d5 e6 4. Nc3 exd5 5. cxd5 d6 6. e4 g6 7. h3 Bg7 8. Bd3 a6
9. a4 Nbd7 10. Nf3 Nh5 11. O-O Ne5 12. Be2 Nxf3+ 13. Bxf3 Qh4 14. Bxh5 gxh5 15.
Ra3 Rg8 16. Ne2 Be5 17. Qd3 f5 18. f4 fxe4 19. Qe3 Bh8 20. Qxe4+ Qe7 21. Qf3 Qf7
22. Re3+ Kd8 23. f5 Be5 24. Rxe5 dxe5 25. Nc3 Bd7 26. Be3 Rc8 27. a5 Bb5 28. Rd1
Kd7 29. Ne4 Rcf8 30. f6 Qg6 31. Bxc5 Rf7 32. Be7 Kc7 33. Bd6+ Kd8 34. Be7+ Kc7
35. Bd6+ Kd8 36. Be7+ Kc7 1/2-1/2

[Event "3rd Al Ain Chess Rapid"]
[Site "Al-Ain UAE"]
[Date "2014.12.18"]
[Round "3.11"]
[White "Gasanov, Eldar"]
[Black "Vishnu Prasanna, V"]
[Result "1-0"]
[WhiteTitle "GM"]
[BlackTitle "GM"]
[WhiteElo "2526"]
[BlackElo "2463"]
[WhiteFideId "14104466"]
[BlackFideId "5030692"]
[EventDate "2014.12.18"]

1. c4 e5 2. Nc3 Bb4 3. Nd5 Be7 4. Nf3 d6 5. d4 e4 6. Nd2 f5 7. e3 Nf6 8. Nxe7
Qxe7 9. Be2 O-O 10. b4 Be6 11. O-O Nbd7 12. d5 Bf7 13. Nb3 Ne5 14. Bb2 Be8 15.
Rc1 Ba4 16. Qd2 Bxb3 17. axb3 Rae8 18. b5 Qf7 19. Ra1 Qg6 20. Kh1 Qh6 21. Bxe5
dxe5 22. Rxa7 f4 23. Rxb7 f3 24. gxf3 Qh3 25. Qd1 Ra8 26. Rxc7 exf3 27. Bxf3 Ra1
28. Bg2 1-0

[Event "3rd Al Ain Chess Rapid"]
[Site "Al-Ain UAE"]
[Date "2014.12.18"]
[Round "3.12"]
[White "Bajarani, Ulvi"]
[Black "Huseynov, Shahin"]
[Result "1-0"]
[WhiteTitle "GM"]
[WhiteElo "2494"]
[BlackElo "2162"]
[WhiteFideId "13403028"]
[BlackFideId "13401106"]
[EventDate "2014.12.18"]

1. Nf3 d5 2. d4 Nf6 3. c4 c6 4. Nc3 e6 5. e3 a6 6. b3 Bb4 7. Bd2 O-O 8. Bd3 dxc4
9. bxc4 c5 10. O-O Nc6 11. Ne4 Bxd2 12. Qxd2 cxd4 13. exd4 Nxe4 14. Bxe4 Qf6 15.
Qe3 Rd8 16. Rad1 Bd7 17. Ne5 Be8 18. f4 g6 19. c5 Rab8 20. h3 Nb4 21. Qg3 Nd5
22. f5 exf5 23. Bxf5 Qg7 24. Be4 Nf6 25. Bf3 Nd7 26. Nc4 Nf8 27. Nd6 Ne6 28. Qf2
Ba4 29. Rd2 b6 30. Bd5 Be8 31. Qe3 Nc7 32. Bxf7+ Bxf7 33. Rxf7 Qxf7 34. Nxf7 Nd5
35. Qe6 1-0

[Event "3rd Al Ain Chess Rapid"]
[Site "Al-Ain UAE"]
[Date "2014.12.18"]
[Round "3.13"]
[White "Onischuk, Vladimir"]
[Black "Tagelsir, Abubaker"]
[Result "1-0"]
[WhiteTitle "GM"]
[BlackTitle "FM"]
[WhiteElo "2614"]
[BlackElo "2029"]
[WhiteFideId "14114038"]
[BlackFideId "12200875"]
[EventDate "2014.12.18"]

1. e4 d6 2. d4 Nf6 3. Nc3 g6 4. Be3 c6 5. a4 Nbd7 6. h3 Bg7 7. Nf3 O-O 8. Be2
Qc7 9. O-O e5 10. dxe5 dxe5 11. Bc4 Nh5 12. Qd2 Re8 13. Ng5 Re7 14. Rfd1 h6 15.
Nf3 Nf4 16. a5 g5 17. Qd6 Qxd6 18. Rxd6 Nf8 19. Rd8 Kh7 20. Bc5 Rd7 21. Rxf8
Bxf8 22. Bxf8 f6 23. Kf1 Kg6 24. g3 Nxh3 25. Kg2 Rd8 26. Be7 Rd7 27. Bc5 Rd8 28.
b4 h5 29. Rh1 Bg4 30. Ne1 Rd2 31. Bd3 b6 32. Be3 Rxd3 33. Nxd3 bxa5 34. bxa5 1-0

[Event "3rd Al Ain Chess Rapid"]
[Site "Al-Ain UAE"]
[Date "2014.12.18"]
[Round "3.14"]
[White "Mokal, Amruta Sunil"]
[Black "Gupta, Abhijeet"]
[Result "0-1"]
[BlackTitle "GM"]
[WhiteElo "2054"]
[BlackElo "2632"]
[WhiteFideId "5016371"]
[BlackFideId "5010608"]
[EventDate "2014.12.18"]

1. e4 c5 2. Nf3 d6 3. d4 cxd4 4. Nxd4 Nf6 5. Nc3 Nc6 6. Bg5 e6 7. Qd2 a6 8.
O-O-O Bd7 9. Kb1 Be7 10. f3 O-O 11. g4 b5 12. Be3 Nxd4 13. Bxd4 b4 14. Ne2 e5
15. Be3 Be6 16. g5 Nd7 17. h4 Nb6 18. Nc1 d5 19. Bxb6 Qxb6 20. exd5 Bxd5 21.
Qxd5 Rad8 22. Qxe5 Rxd1 23. Qxe7 Qf2 24. g6 hxg6 25. Bg2 Rc8 26. Qe4 Rd4 27. Rf1
Qxg2 28. Qxd4 Qxc2+ 0-1

[Event "3rd Al Ain Chess Rapid"]
[Site "Al-Ain UAE"]
[Date "2014.12.18"]
[Round "3.15"]
[White "Bunyatov, Rustam"]
[Black "Hilwani, Talal"]
[Result "1-0"]
[WhiteTitle "CM"]
[WhiteElo "2077"]
[BlackElo "2274"]
[WhiteFideId "13410210"]
[BlackFideId "7600410"]
[EventDate "2014.12.18"]

1. c4 Nf6 2. g3 c5 3. Bg2 Nc6 4. Nf3 b6 5. O-O Bb7 6. b3 g6 7. Bb2 Bg7 8. Nc3
O-O 9. d4 Nxd4 10. Nxd4 Bxg2 11. Kxg2 cxd4 12. Qxd4 d6 13. Qd2 Qc7 14. e4 Qb7
15. f3 Rac8 16. Rac1 a6 17. a4 Rfd8 18. Rfd1 Nd7 19. Nd5 Re8 20. Bxg7 Kxg7 21.
Qb2+ Kg8 22. h4 h5 23. Kh3 Ne5 24. Qe2 Kg7 25. Nc3 Nd7 26. Rd5 Rc5 27. Rcd1 Nf6
28. R5d2 Rec8 29. Kh2 Qb8 30. Kg2 Qb7 31. Kf2 R8c7 32. Rd3 Qc8 33. Kg2 Qb7 34.
Qb2 Kg8 35. R1d2 Rc8 36. Qb1 Qa7 37. Qe1 Qb7 38. Re2 R8c7 39. e5 Rxe5 40. Rxe5
dxe5 41. Rd8+ Kg7 42. Qxe5 Rd7 43. Rxd7 Qxd7 44. Nd5 Kf8 45. Nxf6 Qd2+ 46. Kh3
exf6 47. Qxf6 Qd7+ 48. g4 hxg4+ 49. Kg3 Qd3 50. b4 gxf3 51. Qxb6 Qxc4 52. Kxf3
Qb3+ 53. Ke4 Qxa4 54. Kd5 Kg7 55. Qd4+ Kg8 56. Kd6 Qb5 57. Qc5 Qb8+ 58. Kc6 Kh7
59. Qe7 Qb5+ 60. Kc7 Kg7 61. Kc8 a5 62. bxa5 Qxa5 63. Qe4 Qd2 64. Kc7 Qd1 65.
Kc6 Qd8 66. Kc5 Qa5+ 67. Kd6 Qd8+ 68. Kc5 Qa5+ 69. Kd6 Qb6+ 70. Kd7 Qf6 71. Qe1
Kh6 72. Qb4 Kh5 73. Ke8 Qe6+ 1-0

[Event "3rd Al Ain Chess Rapid"]
[Site "Al-Ain UAE"]
[Date "2014.12.18"]
[Round "3.16"]
[White "Rafee, Mohd Hayel"]
[Black "Soumya, Swaminathan"]
[Result "0-1"]
[BlackTitle "WGM"]
[WhiteElo "1931"]
[BlackElo "2330"]
[WhiteFideId "7603126"]
[BlackFideId "5016193"]
[EventDate "2014.12.18"]

1. e4 c5 2. Nc3 d6 3. f4 Nc6 4. Nf3 g6 5. Bb5 Bd7 6. O-O Bg7 7. d3 a6 8. Bxc6
Bxc6 9. Qe1 Qd7 10. Rb1 Nh6 11. f5 gxf5 12. Qh4 Ng4 13. h3 fxe4 14. Nxe4 Bxe4
15. dxe4 Ne5 16. b4 Rc8 17. Nxe5 Bxe5 18. Qh5 e6 19. b5 axb5 20. Rxb5 Rc7 21.
Ra5 O-O 22. Bh6 Re8 23. Ra3 Kh8 24. Raf3 f6 25. Qh4 Qe7 26. Rxf6 Bxf6 27. Rxf6
Rg8 28. g4 e5 29. Kh1 Qd7 30. Qh5 Qb5 31. Rf2 Qe8 32. Qf5 Qg6 33. Qxg6 Rxg6 34.
Rf8+ Rg8 35. Rf6 Rd7 36. Kh2 d5 37. exd5 Rxd5 38. Re6 c4 39. Kg3 Rgd8 40. g5 Kg8
41. Re7 R8d7 42. Re8+ Kf7 43. Rf8+ Kg6 44. h4 Rd1 45. Kg4 R7d4+ 46. Kg3 Rg1+ 47.
Kh2 Rgg4 48. Rf6+ Kh5 49. Bf8 Rxh4+ 50. Kg2 Rdg4+ 51. Kf2 Rf4+ 52. Kg3 Rhg4+ 53.
Kh3 Rxf6 54. gxf6 Rf4 55. Be7 Kg6 56. Kg3 h5 57. a4 c3 58. a5 Ra4 59. Bd8 Ra2
60. Kf3 Rxc2 61. Ke4 Re2+ 62. Kd3 Rf2 63. Kxc3 h4 64. f7 h3 0-1

[Event "3rd Al Ain Chess Rapid"]
[Site "Al-Ain UAE"]
[Date "2014.12.18"]
[Round "3.17"]
[White "Asadli, Vugar"]
[Black "Omar, Noaman"]
[Result "1/2-1/2"]
[WhiteTitle "CM"]
[BlackTitle "IM"]
[WhiteElo "2043"]
[BlackElo "2346"]
[WhiteFideId "13405764"]
[BlackFideId "9300244"]
[EventDate "2014.12.18"]

1. e4 e6 2. d4 d5 3. exd5 exd5 4. Nf3 Nf6 5. c4 Be7 6. Nc3 O-O 7. Be2 dxc4 8.
Bxc4 Nbd7 9. O-O Nb6 10. Bb3 c6 11. Ne5 Nbd5 12. Re1 a5 13. Bg5 Be6 14. Rc1 Re8
15. Na4 Qc7 16. Nc5 Bxc5 17. dxc5 Nd7 18. Nxd7 Qxd7 19. Qd4 f6 20. Bh4 Bf7 21.
Bg3 Rxe1+ 22. Rxe1 Re8 23. Rxe8+ Qxe8 24. h3 Qe2 25. a3 Be6 26. Bc4 Qe1+ 27. Kh2
Bf7 28. Qg4 Qe6 29. Qxe6 Bxe6 30. b3 Kf7 31. Bxd5 Bxd5 32. Bc7 Bxb3 33. Bxa5 Ke6
34. f3 Kd5 35. Bb6 Kc4 36. Kg3 Bc2 37. Kf2 Kb3 38. g4 Kxa3 39. f4 Kb4 40. Kg3
Kc4 41. h4 Kd5 42. h5 Bd1 43. f5 Be2 44. Kf4 Bd1 45. Ba7 Be2 46. Bb6 Bd3 47. Kf3
Ba6 48. Ke3 Bb5 49. Kf3 Bd3 50. Ke3 Bc2 51. Kf3 Ke5 52. Bc7+ Kd5 53. Bb6 Bd3 54.
Ke3 Bc4 55. Kf3 Ke5 56. Bc7+ Kd4 57. Bb6 Bd5+ 58. Kf4 Bg2 59. g5 Bd5 60. h6 gxh6
61. gxh6 Bf7 62. Ba7 Kd5 63. Bb6 Be8 64. Ba7 Bd7 65. Bb6 Bc8 66. Ba7 b5 67. cxb6
c5 68. Bb8 Kc6 69. Bc7 c4 70. Ke4 c3 71. Kd3 Bxf5+ 72. Kxc3 Be6 73. Kd3 Kb7 74.
Ke4 Bf7 75. Kf5 Bg6+ 76. Kxf6 Bd3 77. Kg7 Be4 78. Kg8 Bd3 79. Kf8 Be4 1/2-1/2

[Event "3rd Al Ain Chess Rapid"]
[Site "Al-Ain UAE"]
[Date "2014.12.18"]
[Round "3.19"]
[White "Ahadzade, Kanan"]
[Black "Safranska, Anda"]
[Result "0-1"]
[BlackTitle "WGM"]
[WhiteElo "1909"]
[BlackElo "2267"]
[WhiteFideId "13405640"]
[BlackFideId "11600209"]
[EventDate "2014.12.18"]

1. e4 g6 2. d4 Bg7 3. Nc3 c6 4. f4 d5 5. e5 Nh6 6. Bd3 O-O 7. Nf3 Bg4 8. O-O f6
9. h3 Bxf3 10. Rxf3 e6 11. Qe2 fxe5 12. fxe5 Rxf3 13. Qxf3 c5 14. dxc5 Nc6 15.
Bf4 Nf7 16. Rf1 Qe7 17. Qf2 Nfxe5 18. Bxe5 Nxe5 19. Re1 Rf8 20. Qg3 Qxc5+ 21.
Kh2 Nxd3 22. Qxd3 Rf6 23. Nd1 b5 24. Ne3 h5 25. c3 a6 26. a4 Kh7 27. axb5 axb5
28. Nc2 Qd6+ 29. Kh1 Rf2 30. Rf1 Rxf1+ 31. Qxf1 Qc5 32. Qf7 e5 33. Nb4 d4 34.
Nd5 Qd6 35. Qf3 Qe6 36. Qe4 Qf5 37. Qxf5 gxf5 38. Kg1 e4 39. Kf2 Kg6 40. h4 Be5
41. Ke2 Kf7 42. cxd4 Bxd4 43. b3 Bf6 44. g3 Be5 45. Kf2 Ke6 46. Ne3 Bd4 47. Ke2
Bxe3 48. Kxe3 Ke5 49. b4 Kd5 50. Kf4 Kd4 51. Kxf5 e3 52. g4 e2 53. g5 e1=Q 54.
g6 Qe5# 0-1

[Event "3rd Al Ain Chess Rapid"]
[Site "Al-Ain UAE"]
[Date "2014.12.18"]
[Round "3.20"]
[White "Petrosyan, Manuel"]
[Black "Abtini, Hasan"]
[Result "1-0"]
[WhiteTitle "FM"]
[WhiteElo "2407"]
[BlackElo "1987"]
[WhiteFideId "13300857"]
[BlackFideId "7601506"]
[EventDate "2014.12.18"]

1. Nf3 Nf6 2. g3 d6 3. Bg2 g6 4. O-O Bg7 5. c4 O-O 6. Nc3 e5 7. d3 c6 8. Rb1
Nbd7 9. b4 a6 10. a4 d5 11. cxd5 Nxd5 12. Nxd5 cxd5 13. Qb3 Nb8 14. b5 axb5 15.
axb5 h6 16. Ba3 Re8 17. Nd2 Qa5 18. Bxd5 Qxa3 19. Bxf7+ Kf8 20. Qxa3+ Rxa3 21.
Bxe8 Kxe8 22. Nc4 Ra2 23. Ra1 Rxa1 24. Rxa1 Kd7 25. Ra8 Kc7 26. b6+ Kc6 27. Rxb8
Be6 28. Re8 Bxc4 29. dxc4 Kxb6 30. Rg8 Kc5 31. Rxg7 1-0

[Event "3rd Al Ain Chess Rapid"]
[Site "Al-Ain UAE"]
[Date "2014.12.18"]
[Round "3.22"]
[White "Aliyev, Elnur"]
[Black "Raja Harshit"]
[Result "1-0"]
[WhiteElo "2141"]
[BlackElo "2116"]
[WhiteFideId "13402617"]
[BlackFideId "5089000"]
[EventDate "2014.12.18"]

1. e4 c5 2. b3 e6 3. Bb2 d5 4. exd5 exd5 5. Bb5+ Nc6 6. Qe2+ Be6 7. Nf3 Nf6 8.
O-O Bd6 9. Ne5 O-O 10. Bxc6 bxc6 11. Nxc6 Qc7 12. Ne5 d4 13. f4 Rfe8 14. Na3 Bg4
15. Qf2 Bxe5 16. fxe5 Qxe5 17. Nc4 Qh5 18. Rfe1 Bf5 19. Rxe8+ Nxe8 20. Re1 Nf6
21. d3 h6 22. b4 Be6 23. bxc5 Bxc4 24. dxc4 Rd8 25. c6 Qc5 26. c7 Qxc7 27. h3
Qxc4 28. Rd1 Qxa2 29. Rxd4 Rc8 30. c4 Qb1+ 31. Kh2 a5 32. Rf4 Ne4 33. Qe2 Re8
34. Rg4 g6 35. c5 f5 36. Rxg6+ Kf7 37. Rg7+ Kf8 38. Qc4 Re7 39. Qg8# 1-0

[Event "3rd Al Ain Chess Rapid"]
[Site "Al-Ain UAE"]
[Date "2014.12.18"]
[Round "3.23"]
[White "Puranik, Abhimanyu"]
[Black "Bahari Rad, Alireza"]
[Result "1-0"]
[WhiteTitle "CM"]
[WhiteElo "2255"]
[BlackElo "2129"]
[WhiteFideId "5061245"]
[BlackFideId "12513180"]
[EventDate "2014.12.18"]

1. e4 c6 2. d4 d5 3. exd5 cxd5 4. c4 Nf6 5. Nc3 g6 6. Nf3 Bg7 7. cxd5 O-O 8. Bc4
Na6 9. O-O Nc7 10. Qb3 a6 11. Ne5 b5 12. Be2 Ncxd5 13. Nc6 Nxc3 14. bxc3 Qc7 15.
Bf3 Bb7 16. d5 e6 17. Ba3 Nxd5 18. Bxf8 Rxf8 19. Bxd5 exd5 20. Nd4 Rc8 21. Rae1
h6 22. Re3 Qf4 23. g3 Qd6 24. Rfe1 b4 25. a3 a5 26. axb4 axb4 27. Re8+ Rxe8 28.
Rxe8+ Kh7 29. Re3 Ba6 30. Qa4 bxc3 31. Rxc3 Bc4 32. Rf3 Bxd4 33. Rxf7+ Bg7 34.
Qa1 d4 35. Rb7 Kg8 36. Qa8+ Qf8 37. Rb8 Qxb8 38. Qxb8+ Kh7 39. Qc7 Be2 40. f4 d3
41. Kf2 Kg8 42. Qd8+ Kf7 43. Qd7+ Kg8 44. g4 Kh7 1-0

[Event "3rd Al Ain Chess Rapid"]
[Site "Al-Ain UAE"]
[Date "2014.12.18"]
[Round "3.24"]
[White "Abdi, Abdelkrim"]
[Black "Soozankar, A.M."]
[Result "0-1"]
[BlackTitle "FM"]
[WhiteElo "1582"]
[BlackElo "2183"]
[WhiteFideId "12568740"]
[BlackFideId "12503029"]
[EventDate "2014.12.18"]

1. e4 e6 2. d4 d5 3. e5 c5 4. c3 Nc6 5. Nf3 Bd7 6. Be2 cxd4 7. cxd4 Qb6 8. O-O
Nge7 9. Na3 Nf5 10. Nc2 h5 11. a3 Na5 12. Nd2 Nxd4 13. Bd3 Ndb3 14. Qe1 Nxa1 15.
Nxa1 Rc8 16. b4 Nc4 17. Nxc4 dxc4 18. Bc2 c3 19. Be3 Qa6 20. Bc1 Bb5 21. Qd1
Bxf1 22. Qxf1 Qxf1+ 23. Kxf1 Be7 24. Nb3 O-O 25. g3 Rfd8 26. Ke2 h4 27. Be3 hxg3
28. hxg3 b6 29. Nd4 Rd5 30. f4 Rcd8 31. Kd3 Bc5 32. bxc5 bxc5 0-1